000 01093nam a22002657a 4500
001 216219491
003 UA-OsUOA
005 20201021111700.0
008 201021b -uk||||g |||| 00| d eng d
020 _a9780140707281
040 _aUA-OsUOA
_bukr
_cUA-OsUOA
_dUA-OsUOA
041 _aeng
080 _a821.111
090 _a821.111
_bS53
100 _aShakespeare W.
245 _aHenry IV: Part Two
_cWilliam Shakespeare ; edited by P. H. Davison
260 _aLondon
_bPenguin Books
_c1996
300 _a320 p.
490 _aThe New Penguin Shakespeare
520 _aThe play picks up where Henry IV, Part 1 left off. Its focus is on Prince Hals journey toward kingship, and his ultimate rejection of Falstaff. However, unlike Part 1, Hal and Falstaffs stories are almost entirely separate, as the two characters meet only twice and very briefly. The tone of much of the play is elegiac, focusing on Falstaffs age and his closeness to death.
650 _a821.111 Англійська література
_2UDC
700 1 _aDavison P. H.
942 _2udc
_cBK
955 _a3
999 _c280745
_d280745